Statystyki dla Państwa świata według definicji #1

Kliknij tutaj aby rozwiązać quiz!

Ogólne statystyki

  • Ten quiz został rozwiązany 17 058 razy
  • Średni wynik to 18 z 24

Statystyki odpowiedzi

DefinicjaPaństwo% Poprawnych
Najbardziej zaludnione państwo na świecie.Chiny
98%
Największe państwo na świecie ze względu na powierzchnię.Rosja
97%
Państwo pierwsze pod względem wydatków na wojskowość.Stany Zjednoczone
95%
Zarazem państwo i kontynent.Australia
93%
Największe państwo w Ameryce Południowej.Brazylia
92%
Największe państwo w obu Amerykach.Kanada
90%
Bardziej rozwinięta Korea.Korea Południowa
90%
Ma flagę z jednym czerwonym kołem na białym tle.Japonia
89%
Europejskie państwo podzielone na województwa,Polska
89%
Należy do nich Sycylia i Sardynia.Włochy
87%
Zajmuje większość powierzchni Półwyspu Arabskiego.Arabia Saudyjska
86%
Leży na południu od kanału La Manche.Francja
85%
Zajmuje większość powierzchni Półwyspu Iberyjskiego.Hiszpania
80%
Ma na fladze półksiężyc i gwiazdę na czerwonym tle.Turcja
79%
Kraj o najdłuższej nazwie na Półwyspie Arabskim.Zjednoczone Emiraty Arabskie
74%
Graniczy z Egiptem po stronie Azji.Izrael
65%
Tereny dawnej Persji (poza Afganistanem).Iran
62%
Leży na terytorium zamieszkane niegdyś przez anglosasów.Wielka Brytania
58%
Ma dostęp do Morza Egejskiego (poza Turcją).Grecja
53%
Państwo ze dawną stolicą: Hagą.Holandia
52%
Dawniej największa federacja na świecie.Niemcy
47%
Graniczy z Panamą po stronie Ameryki Południowej.Kolumbia
46%
Ma koło sprawiedliwości na fladze (azjatycki kraj).Indie
31%
Ma najpodobniejszą flagę do Kostaryki.Tajlandia
29%

Rozkład punktacji

Percentyl według liczby udzielonych odpowiedzi

Procent ludzi z każdym wynikiem

Twoja historia wyników

Nie rozwiązałeś tego quizu